| 000 | 00665nam a2200193 a 4500 | ||
|---|---|---|---|
| 005 | 20140412111358.0 | ||
| 008 | 060126s19uu xx 00 eng d | ||
| 020 | _a0-439-69361-6 | ||
| 050 |
_aTR(PS E _bIa6 2004 |
||
| 100 | _aParker, David | ||
| 245 |
_aI am confident! / _cby David Parker ; illustrated by Marcy Dunn Ramsey. |
||
| 260 |
_aNew York : _bScholastic Inc, _c2004. |
||
| 300 | _a1 v. (unp.) ; ill. | ||
| 440 | _aThe Best I Can Be | ||
| 520 | _aThe goal of this book is to begin a list with children of what they already know they can do successfully. | ||
| 650 |
_aConfidence _xFiction |
||
| 650 |
_aBehavior _xChildren stories |
||
| 999 |
_c105435 _d105435 |
||